Flanders investment guide: : Vol. II : the economic enviroment.
| Format: | Book |
|---|---|
| Published: |
Brussels:
Flanders' Inverstment Office,
1995.
|
| Subjects: |
| LEADER | 00493cam a2200169 7i4500 | ||
|---|---|---|---|
| 001 | 0000003527 | ||
| 005 | 19991025090000.0 | ||
| 002 | ##000004898 | ||
| 020 | 0 | 0 | |a T000004409 |
| 090 | 0 | 0 | |a BELG 330.9 |b FLA |
| 245 | 0 | 0 | |a Flanders investment guide: : |b Vol. II : the economic enviroment. |
| 260 | 0 | 0 | |a Brussels: |b Flanders' Inverstment Office, |c 1995. |
| 300 | 0 | 0 | |a 20p. |
| 650 | 0 | 0 | |a Flanders |
| 650 | 0 | 0 | |a Economic conditons |
| 651 | 0 | 0 | |a Belgium |
| 999 | |a 0000005458 |b Book |c Open shelf |e Business Information Centre | ||